000 00343nam a2200133Ia 4500
008 100328s9999 xx 000 0 und d
082 _b44215
100 _aदेशपांडे कृ.पं.
245 _aआश्विन
260 _bनुतन
630 _aआश्विन
730 _aआश्विन
942 _cBOOK
999 _c532506
_d532503